Population health and its integration into advanced nursing practice / (Record no. 1510)

MARC details
000 -LEADER
fixed length control field 01678cam a2200397 i 4500
001 - CONTROL NUMBER
control field data
005 - DATE AND TIME OF LATEST TRANSACTION
control field 20260322212104.0
008 - FIXED-LENGTH DATA ELEMENTS--GENERAL INFORMATION
fixed length control field data
035 ## - SYSTEM CONTROL NUMBER
System control number 20281667
010 ## - LIBRARY OF CONGRESS CONTROL NUMBER
LC control number 2018931595
020 ## - INTERNATIONAL STANDARD BOOK NUMBER
International Standard Book Number 9781605953922
Qualifying information hardcover
020 ## - INTERNATIONAL STANDARD BOOK NUMBER
International Standard Book Number 160595392X
Qualifying information hardcover
035 ## - SYSTEM CONTROL NUMBER
System control number (OCoLC)1022488443
040 ## - CATALOGING SOURCE
Original cataloging agency YDX
Language of cataloging eng
Transcribing agency YDX
Description conventions rda
Modifying agency DLC
-- DLC
042 ## - AUTHENTICATION CODE
Authentication code lccopycat
050 00 - LIBRARY OF CONGRESS CALL NUMBER
Classification number RT97
Item number .P66 2018
060 #4 - NATIONAL LIBRARY OF MEDICINE CALL NUMBER
Classification number WY 108
082 04 - DEWEY DECIMAL CLASSIFICATION NUMBER
Classification number 610.73/4
Edition information 23
245 00 - TITLE STATEMENT
Title Population health and its integration into advanced nursing practice /
Statement of responsibility, etc. edited by Mary A. Bemker, PhD, PsyS, LADC, LPCC, CCFP, CCTP, CNE, RN, Associate Professor, School of Nursing Touro University Nevada, Christine Ralyea, DNP, MS-NP, MBA, NE-BC, CNL, OCN, CCRN, Assistant Vice President Patient Care Services-Carolinas Medical Center, Adjunct Faculty, Queen University Charlotte, NC.
264 #1 - PRODUCTION, PUBLICATION, DISTRIBUTION, MANUFACTURE, AND COPYRIGHT NOTICE
Place of production, publication, distribution, manufacture Lancaster, Pennsylvania :
Name of producer, publisher, distributor, manufacturer DEStech Publications, Inc.,
Date of production, publication, distribution, manufacture, or copyright notice [2018]
300 ## - PHYSICAL DESCRIPTION
Extent xxiii, 528 pages ;
Dimensions 24 cm
336 ## - CONTENT TYPE
Content type term text
Content type code txt
Source rdacontent
337 ## - MEDIA TYPE
Media type term unmediated
Media type code n
Source rdamedia
338 ## - CARRIER TYPE
Carrier type term volume
Carrier type code nc
Source rdacarrier
504 ## - BIBLIOGRAPHY, ETC. NOTE
Bibliography, etc. note Includes bibliographical references and index.
650 #0 - SUBJECT ADDED ENTRY--TOPICAL TERM
Topical term or geographic name entry element Public health nursing.
650 #0 - SUBJECT ADDED ENTRY--TOPICAL TERM
Topical term or geographic name entry element Public health nursing
General subdivision Practice.
650 #0 - SUBJECT ADDED ENTRY--TOPICAL TERM
Topical term or geographic name entry element Public health.
650 #2 - SUBJECT ADDED ENTRY--TOPICAL TERM
Topical term or geographic name entry element Public Health Nursing.
650 #2 - SUBJECT ADDED ENTRY--TOPICAL TERM
Topical term or geographic name entry element Public Health.
700 1# - ADDED ENTRY--PERSONAL NAME
Personal name Bemker, Mary A.,
Relator term editor.
700 1# - ADDED ENTRY--PERSONAL NAME
Personal name Ralyea, Christine,
Relator term editor.
906 ## - LOCAL DATA ELEMENT F, LDF (RLIN)
a 7
b cbc
c copycat
d 2
e ncip
f 20
g y-gencatlg
925 0# -
-- acquire
-- 1 shelf copy
-- policy default
Holdings
Withdrawn status Lost status Damaged status Not for loan Home library Current library Shelving location Date acquired Total checkouts Full call number Barcode Date last seen Price effective from Koha item type
        Riverside Riverside General stacks 22/03/2026   610.73/4 LOC-RPL-00057 22/03/2026 22/03/2026 Books